Logo Biblioteca

Una reina perfecta / (Registro nro. 278)

Detalles MARC
000 -LEADER
fixed length control field 01563nam a22002297a 4500
003 - CONTROL NUMBER IDENTIFIER
control field AR-RoUNCS
005 - DATE AND TIME OF LATEST TRANSACTION
control field 20260519141345.0
007 - PHYSICAL DESCRIPTION FIXED FIELD--GENERAL INFORMATION
fixed length control field ta
008 - FIXED-LENGTH DATA ELEMENTS--GENERAL INFORMATION
fixed length control field 240731s2017 ag |||||r|||| 00| 1 spa d
020 ## - INTERNATIONAL STANDARD BOOK NUMBER
International Standard Book Number 97899874581440
040 ## - CATALOGING SOURCE
Transcribing agency AR-RoUNCS
Original cataloging agency AR-RoUNCS
Language of cataloging spa
041 ## - LANGUAGE CODE
Language code of text/sound track or separate title spa
100 1# - MAIN ENTRY--PERSONAL NAME
Personal name Garland, Inés,
Dates associated with a name 1960-
Relator term autor
245 14 - TITLE STATEMENT
Title Una reina perfecta /
Statement of responsibility, etc. Inés Garland.
260 ## - PUBLICATION, DISTRIBUTION, ETC.
Place of publication, distribution, etc. Lanús :
Name of publisher, distributor, etc. Clubcinco,
Date of publication, distribution, etc. c2017.
300 ## - PHYSICAL DESCRIPTION
Extent 117 p. ;
Dimensions 20 cm.
505 0# - FORMATTED CONTENTS NOTE
Formatted contents note Prólogo-- Una reina perfecta -- Más tarde en la vida -- El llamado -- El remolino -- Una buena educación -- Electrocardiograma de riesgo -- Cóctel -- Microcosmos -- Los dulces sueños están hechos de ésto -- La penitencia -- Cuestión de altura -- Azul turquesa -- Último día de vacaciones -- Posfacio de la autora -- Primera versión de la penitencia.-
520 ## - SUMMARY, ETC.
Summary, etc. Niñas, adolescentes, adultas. Mujeres con tronos que tambalean y falsas coronas, siempre atentas a los movimientos del deseo y a la propia felicidad. Con finura y sutileza, revelando una aguda percepción del mundo infantil y del alma femenina, estos relatos hablan de la pérdida de la inocencia y las ilusiones, de la distancia radical que a veces reina entre niños y adultos, de la angustia y la locura que se entrelazan en la aparente normalidad de la vida cotidiana y de la búsqueda permanente del amor.<br/>La escritora retrata a mujeres perseguidas por el peso de viejos mandatos y un sentimiento de desorientación.
650 #7 - SUBJECT ADDED ENTRY--TOPICAL TERM
Source of heading or term embne
Topical term or geographic name entry element Literatura argentina
655 #7 - INDEX TERM--GENRE/FORM
Source of term embne
Genre/form data or focus term Cuentos
942 ## - ADDED ENTRY ELEMENTS (KOHA)
Source of classification or shelving scheme Universal Decimal Classification
Koha item type Obra General
Suppress in OPAC No
Existencias
Withdrawn status Lost status Source of classification or shelving scheme Damaged status Not for loan Collection Home library Current library Date acquired Source of acquisition Total checkouts Full call number Barcode Date last seen Price effective from Koha item type
    Universal Decimal Classification     Colección General Biblioteca Escuela de Ciencias Sociales Biblioteca Escuela de Ciencias Sociales 31/07/2024 Donación 2024   82-34(82) G233 001074 31/07/2024 31/07/2024 Obra General
Biblioteca de la Escuela Preuniversitaria en Ciencias Sociales y Humanísticas.
Riobamba 250 bis.
CP 2000 - Rosario - Santa Fe
E-Mail: biblioteca@esociales.unr.edu.ar